NFL Quarterbacks College Team - Statistics

General Stats
  • This quiz has been taken 168 times
  • The average score is 25 of 32
Answer Stats
Hint Answer % Correct
Tom Brady Michigan
96%
Tua Tagovailoa Alabama
93%
Trevor Lawrence Clemson
93%
Joe Burrow LSU
92%
Justin Fields Ohio State
92%
Patrick Mahomes Texas Tech
92%
Mac Jones Alabama
91%
Baker Mayfield Oklahoma
91%
Aaron Rodgers California
90%
Kyler Murray Oklahoma
88%
Jameis Winston FSU
87%
Jalen Hurts Oklahoma
87%
Justin Herbert Oregon
87%
Lamar Jackson Louisville
85%
Zach Wilson BYU
83%
Russell Wilson Wisconsin
83%
Josh Allen Wyoming
81%
Jared Goff California
80%
Matthew Stafford Georgia
80%
Sam Darnold USC
78%
Daniel Jones Duke
76%
Trey Lance NDSU
73%
Matt Ryan Boston College
71%
Dak Prescott Mississippi State
71%
Kirk Cousins Michigan State
69%
Ben Roethlisberger Miami (OH)
67%
Derek Carr Fresno State
63%
Carson Wentz NDSU
62%
Ryan Tannehill Texas A&M
60%
Teddy Bridgewater Louisville
56%
Davis Mills Stanford
36%
Taylor Heinicke Old Dominion
22%
No matching quizzes found
Score Distribution
Percent of People with Each Score
Percentile by Number Answered
Your Score History
You have not taken this quiz